| 000 | 00543cab a2200169 4500 | ||
|---|---|---|---|
| 001 | ##L131123 | ||
| 008 | 050930n2005 000 0 eng u | ||
| 035 | _a(Sirsi) u131123 | ||
| 041 | 0 | _aeng | |
| 245 | 0 | 0 | _aRegional: Bristol, Bath and Swindon |
| 260 | _c2005 | ||
| 490 | 0 |
_aProperty Week _v70(38) 23 September 2005, 125-147(10) |
|
| 520 | _aExamines mixed use development, offices, retail, and industrial sectors in the area. | ||
| 590 | _aIKA111005 | ||
| 690 | _aPROPERTY-COMMERCIAL PROPERTY-COMMERCIAL PROPERTY MARKET | ||
| 942 | _n0 | ||
| 999 |
_c104645 _d104645 |
||